Elementary stochastic calculus : with finance in view

Saved in:
Bibliographic Details
Main Author: Mikosch, Thomas
Format: Book
Language:English
Published: Singapore ; River Edge, N.J. : World Scientific Publ., 1999, c1998
Edition:1st ed., Repr.
Series:Advanced series on statistical science & applied probability ; ; 8
Subjects:
Tags: Add Tag
No Tags, Be the first to tag this record!

MARC

LEADER 00000nam a2200000 i 4500
001 1/103858
008 000302s19981999 eng d
020 |a 9810235437 
035 |l 10058629 
040 |a GR-MY-UA  |b gre  |e aacr 
041 0 |a eng 
082 0 |a 519.2 
100 1 |a Mikosch, Thomas. 
245 1 0 |a Elementary stochastic calculus :  |b with finance in view /  |c Thomas Mikosch 
250 |a 1st ed., Repr. 
260 |a Singapore ; River Edge, N.J. :   |b World Scientific Publ.,   |c 1999, c1998 
300 |a ix, 212 p.;  |c 23 cm. 
490 1 |a Advanced series on statistical science & applied probability  |v ; 8 
504 |a Includes bibliographical references and index 
650 0 0 |a Stochastic analysis. 
830 0 |a Advanced series on statistical science & applied probability ;  |v ; 8 
852 |a INST  |b SAMOS  |e 20000302  |h 519.2 MIK  |p 005300016172  |q 005300016172  |t BK  |y 0 
901 |a BIBL3-2000-1 
909 |a Σ  |b 067581 
922 |a 3ΕΛΗ  |b 199911  |c ΕΠΕΑΕΚ/ΜΑΘ  |d ΠΑΠΑΣΩΤΗΡΙΟΥ 
970 |a ΚΟΣΙΕΡΗΣ  |b ΧΡΗΣΤΟΣ  |z 2000/03/02